00524nam a2200193 a 4500001001300000003000900013005001700022008004100039020002300080082001900103100001900122245004600141260003000187300000900217500003500226505003400261650001600295700001900311nice12345678IN_TiNIC20260116013320.0050524s1997 dela grp 000 0 eng  a8185054 c35000a780.0954bWADE aWade, Bonnie C aMusic in Indiab the Classical Traditions aDelhibManohar Pub.c1997 a252p aincludes index and biblioraphy2 awomen bhakta peots, nos.50-52 aMusic-India1 aWade, Bonnie C